Countries Named After a Person Quiz - Statistics

General Stats
  • This quiz has been taken 90 times
    45 since last reset
  • The average score is 16 of 19
Answer Stats
Person Country % Correct
Simón Bolívar Bolivia
100%
Christopher Columbus Columbia
98%
Saint Dominic Dominican Republic
98%
Amerigo Vespucci United States
98%
Muhammad bin Saud Saudi Arabia
95%
John Marshall Marshall Islands
93%
Saint Vincent of Saragossa Saint Vincent and the Grenadines
93%
Jean Moreau de Séchelles Seychelles
93%
King Solomon Solomon Islands
93%
Saint Lucy of Syracuse Saint Lucia
91%
King Philip II Philippines
84%
King Mswati II Eswatini
81%
Maurice of Nassau Mauritius
79%
Saint Thomas São Tomé and Príncipe
77%
Saint Christopher Saint Kitts and Nevis
74%
Jacob (“patriarch of Judaism”) Israel
70%
Saint Marinus San Marino
70%
Jesus (“savior of Christianity”) El Salvador
60%
Thomas Gilbert Kiribati
49%
No matching quizzes found
Score Distribution
Percent of People with Each Score
Percentile by Number Answered
Your Score History
You have not taken this quiz since the last reset